| 000 | 00656nam a22001937a 4500 | ||
|---|---|---|---|
| 999 |
_c183660 _d183660 |
||
| 005 | 20220204131552.0 | ||
| 010 | _aENG-130809 | ||
| 020 |
_a978-93-89949-67-4 _c820.00 |
||
| 035 | _aEN-114341 | ||
| 037 | _bDBAD | ||
| 082 | _a657 | ||
| 100 | _aSharma, Parveen | ||
| 245 |
_aProblems and Solutions in Accounting: _cParveen Sharma & Kapileshwar Bhalla/ _bFor CA Intermediate |
||
| 260 |
_aChennai _bMcGraw Hill Education Private Limited _c2017 |
||
| 270 |
_a444/1, Sri Ekambara Naicker Industrial Estate, Alapakkam, Porur _bChennai _e600116 |
||
| 300 |
_a712p _c25cm(pbk) |
||
| 700 | _aBhalla, Kapileshwar | ||
| 942 |
_2ddc _cEN _h657 _mSHA |
||